Дневник (Запис номер 194934)
[ съкратено ]
| 000 -Лидер | |
|---|---|
| Контролно поле с фиксирана дължина | 01486nam a2200361 c 4500 |
| 001 - Контролен номер на записа | |
| Контролно поле | 194934 |
| 003 - Код на организацията, давaща контролен номер | |
| Контролно поле | BLK |
| 005 - Дата и час на последна редакция | |
| Контролно поле | 20250128005459.0 |
| 008 - Елементи от данни с фиксирана дължина | |
| fixed length control field | 180411b bul|||||r ||||||| ||bul|| |
| 010 ## - Наследен системен номер | |
| LC control number | KNG00204169000 |
| 040 ## - Източник на каталожния запис | |
| Идентификатор на билиотеката - собственик на записа | BLK |
| 041 ## - Код за език | |
| Код за езика на текст/звукозапис или на отделно заглавие | Български |
| Код за езика КДБФ | Български |
| 080 ## - УДК | |
| Текстов определител УДК | България през периода (1885-1900) |
| УДК код - определител по УДК | 94(497.2)"1885/1900" |
| УДК определител | (093.3) |
| УДК - код + определител | 94(497.2)"1885/1900"(093.3) |
| 139 ## - Редно поле | |
| Редна дума | Стамболов, Стефан Николов |
| Авторски знак | Стамбо - С 65 |
| 245 10 - Сведения за заглавието | |
| Заглавие | Дневник |
| Редно поле (дума) | Стефан Николов Стамболов; състав. Петър Свирачев; състав. Дарина Илиева; предг. от Милен Куманов. |
| 257 ## - Страна на издаване | |
| Страна на създаване/издаване | България |
| 260 ## - Област на издателските данни | |
| Име на издателя, разпространителя и проч. | Унив. изд. Св. Климент Охридски |
| Година на издаване | 1991 |
| Печатница | Хасково : Ат. Стратиев |
| 300 ## - Физическа характеристика | |
| Страници | 168 с., 4 л. |
| Илюстрации и др. | ил., портр., факс. |
| Размери/Мащаб | 20 см |
| 380 ## - Жанр | |
| Жанр | История |
| 490 1# - СЕРИИ (Колекции) | |
| Име на серия | Библиотека Архив |
| 500 ## - Общи забележки | |
| Забележка | 20 000 тир. |
| 650 #0 - Допълнително описание по предмет – тема | |
| Основно описание – тема или топоним | България - история - извори |
| 9 (RLIN) | 254752 |
| 700 1# - Други автори (авторска отговорност) | |
| Лично име | Свирачев, Петър |
| Автороска отговорност (Описва отношението между автора и произведението) | състав. |
| 9 (RLIN) | 337286 |
| 700 1# - Други автори (авторска отговорност) | |
| Лично име | Илиева, Дарина |
| Автороска отговорност (Описва отношението между автора и произведението) | състав. |
| 9 (RLIN) | 346849 |
| 700 1# - Други автори (авторска отговорност) | |
| Лично име | Куманов, Милен |
| Автороска отговорност (Описва отношението между автора и произведението) | предг. от |
| 9 (RLIN) | 363343 |
| 852 ## - Местоположение | |
| Форматна сигнатура | Цб 166230 |
| 856 4# - Електронен адрес и достъп | |
| Електронен формат | pdf - файл |
| 856 4# - Електронен адрес и достъп | |
| Електронен формат | pdf - файл |
| 942 ## - АРТИКУЛИ | |
| Вид на библиотечния материал | Книги |
| Скрит в OPAC | Не |
| Koha issues (borrowed), all copies | 1 |
| 944 ## - СЪЗДАВАНЕ И РЕДАКЦИЯ на ЗАПИСА | |
| Създаване/Редакция | Създаване |
| Дата на регистрацията/редакция | 30.03.2017 |
| Служител, извършил регистрацията/редакцията | |
| Статус, дата на статуса | CRON CRON |
| 944 ## - СЪЗДАВАНЕ И РЕДАКЦИЯ на ЗАПИСА | |
| Създаване/Редакция | Редакция |
| Дата на регистрацията/редакция | 30.03.2017 |
| Служител, извършил регистрацията/редакцията | Нора_Радева |
| 999 ## - СИСТЕМНИ КОНТРОЛНИ НОМЕРА | |
| Koha biblionumber | 194934 |
| Koha biblioitemnumber | 194934 |
| 999 ## - СИСТЕМНИ КОНТРОЛНИ НОМЕРА | |
| Koha biblioitemnumber | 194934 |
| Код за отписване | Код за изгубен артикул | Източник на класификационната схема | Код за повреда | Коз за рестрикции | Код за отдаване | Артикулен № | Име на библиотеката - собственик | Име на библиотеката, в която се намира в момента | Статус (Текущо местоположение) | Дата на вписване в системата | Местоположение - отдел | Цена в лева | Инвентарен номер | Систематично азбучна сигнатура | Баркод | Номер на екземпляра | Цена в евро | Служебна бележка | Служебен тип на артикула |
|---|---|---|---|---|---|---|---|---|---|---|---|---|---|---|---|---|---|---|---|
| Не е изгубен | Universal Decimal Classification | Не е повреден | без рестрикции | ползва се в читалня | 340681 | Регионална библиотека "Любен Каравелов" Русе | Регионална библиотека "Любен Каравелов" Русе | Хранилище | 1991-01-01 | Хранилище | 8.82 | 548373 | Цб 166230 | 120000548373 | 1 | 4.51 | Вид: Сф Дата: 01.01.1991 | Книги | |
| Изтеглен | Не е изгубен | Universal Decimal Classification | Не е повреден | без рестрикции | заемане за дома | 340682 | Регионална библиотека "Любен Каравелов" Русе | Регионална библиотека "Любен Каравелов" Русе | Заемна - подръчен фонд | 1991-01-01 | Заемна - подръчен фонд | 8.82 | 548671 | П 949.72.051.2/С 65 | 548671 | 2 | 4.51 | Вид: Сф Дата: 01.01.1991 | Книги |
| Изтеглен | Не е изгубен | Universal Decimal Classification | Не е повреден | без рестрикции | заемане за дома | 340683 | Регионална библиотека "Любен Каравелов" Русе | Регионална библиотека "Любен Каравелов" Русе | Заемна - подръчен фонд | 1991-01-01 | Заемна - подръчен фонд | 8.82 | 560553 | П 949.72.051.2/С 65 | 560553 | 3 | 4.51 | Вид: Сф Дата: 01.01.1991 | Книги |
| Изтеглен | Не е изгубен | Universal Decimal Classification | Не е повреден | без рестрикции | заемане за дома | 340684 | Регионална библиотека "Любен Каравелов" Русе | Регионална библиотека "Любен Каравелов" Русе | Заемна - подръчен фонд | 1991-01-01 | Заемна - подръчен фонд | 0.62 | 579272 | П 949.72.051.2/С 65 | 579272 | 4 | 0.32 | Вид: Сф Дата: 01.01.1991 | Книги |